| 000 | 00678cam a2200229 4500 | ||
|---|---|---|---|
| 001 | BUCI011000 | ||
| 008 | r19691965ag spaa | ||
| 035 | _aBUCI011000 | ||
| 245 | 0 | 0 |
_aPsicología social / _cGermaine de Montmollin...[ et al.]. |
| 250 | _a2a. ed. | ||
| 260 |
_aBuenos Aires : _bPaidos, _c1969 |
||
| 300 |
_a343 p. ; _c23 cm. |
||
| 440 | 0 | _aTratados de psicología experimental / Paul Fraisse y Jean P- | |
| 440 | 0 |
_aiaget ; _vno, 9 |
|
| 504 | _aIncluye bibliografías. | ||
| 650 | 4 | _aPsicología social | |
| 650 | 4 | _aAutoridad. | |
| 650 | 4 | _aGrupos sociales | |
| 700 | 1 | _aMontmollin, Germaine de | |
| 942 |
_2lcc _cLIB |
||
| 999 |
_c118612 _d118612 |
||